000 00323nam a22001457a 4500
008 210528b ||||| |||| 00| 0 eng d
020 _a9780838504529
041 _aeng
080 _22nd
_a617
082 _a617
100 _a6
101 _aANE
245 _aAtlas of Regional Anesthesia
_cJordan Katz
942 _2udc
_cBK
999 _c57810
_d57810